| 000 | 00702nam a22002297a 4500 | ||
|---|---|---|---|
| 999 |
_c14754 _d14754 |
||
| 003 | AR-CdUCM | ||
| 008 | 190329b ||||| |||| 00| 0 spa d | ||
| 020 | _a978-84-683-0958-3 | ||
| 040 |
_aMUNICIPALIDAD PROVINCIAL DEL CUSCO _cBIBLIOTECA MUNICIPAL DEL CUSCO |
||
| 041 | _hfr | ||
| 082 |
_aPI / 376.1 / _bV94 |
||
| 110 |
_aKids edebé _932998 |
||
| 245 |
_aLa vuelta al mundo : _bMas de 100 pegatinas removibles / |
||
| 260 |
_aBarcelona : _bGrupo Edebé, _c2014. |
||
| 300 |
_bIlustraciones, graficos, dibujos _c28 cm. |
||
| 500 | _aTexto para niños | ||
| 650 |
_aLiteratura _9416 |
||
| 650 |
_aFicción _9184 |
||
| 650 |
_aAventura _91719 |
||
| 942 |
_2ddc _cLIBROS |
||
| 945 |
_apjha _d2014-04-24 |
||